000 00833nam a2200241Ia 4500
003 OSt
005 20220923225448.0
006 a|||||r|||| 00| 0
007 ta
008 220922b |||||||| |||| 00| 0 san d
024 _a268,482
037 _cTextual
040 _aARTS
_cARTS
_bsan
041 _2san
_asan
082 _aQ21:226, 15M1.1-.2
100 _aवाल्मीकि
_9156277
245 0 _aयोगवासिष्ठ, संपा वासुदेव लक्ष्मणशर्मा
246 _aYogavāsiṣhṭha, sanpā vāsudev lakṣhmaṇasharmā
260 _aदिल्ली
_b मुन्शीराम मनोहरलाल
_c1981
650 _aधर्म
942 _hQ21:226, 15M1.1-.2
_cTEXL
_2CC
999 _c378397
_d378397